Biblioteca

Un gato en casa (Registro nro. 49378)

Detalles MARC
000 -LÍDER
Campo fijo de descripción fija 004440000a22001810004500
020 ## - NÚMERO INTERNACIONAL NORMALIZADO PARA LIBROS
Número Internacional Normalizado del libro 978-84-236-8573-8
082 04 - NÚMERO DE CLASIFICACIÓN DECIMAL DEWEY
Número de clasificación G CC Un311
001 - NÚMERO DE CONTROL
Campo de control 2232
100 1# - ASIENTO PRINCIPAL--NOMBRE PERSONAL
Nombre personal Roca, Nuria
245 10 - TÍTULO
Título del Material Un gato en casa
250 ## - MENCIÓN DE EDICIÓN
Mención de edición 1a edición
260 ## - PUBLICACIÓN, DISTRIBUCIÓN, ETC. (PIE DE IMPRENTA)
Lugar de publicación, distribución, etc. España : Edebé
300 ## - DESCRIPCIÓN FÍSICA
Extensión 36p/24x24cm
500 ## - NOTA GENERAL
Nota General Para niños a partir de los 6 años
505 00 - NOTA DE CONTENIDO
Nota de contenido con formato preestablecido Un perro en casa -- Un gato en casa.
942 ## - TIPO DE MATERIAL (KOHA)
Tipo de Item KOHA Z- Libro General BINCO
Existencias
Estado de Material Estado de Perdido Estado de Dañado No para Préstamo Tomo Biblioteca de Origen Biblioteca Permanente Fecha de Adquisición Total de Préstamos Signatura Topográfica Código de Barras Última vez visto Última vez Préstado Ejemplar/Existencia Fecha de Remplazo Tipo de Material
          Biblioteca Infantil Comunitaria BINCO Biblioteca Infantil Comunitaria BINCO 26/08/2013 6 G CC Un311 B33318 19/09/2019 09/09/2019 1 26/01/2016 Z- Libro General BINCO

Biblioteca FUSBC | Teléfono: (57+4) 349 88 10 Ext. 141| WhatsApp (+57) 3005338115 
E-mail: biblioteca@unisbc.edu.co | Calle 76 87-14 Robledo Palenque, Medellín, Colombia

Con tecnología Koha